HACCP Advantage : versión 2.0 program manual / (Record no. 177049)
[ view plain ]
| 000 -CABECERA | |
|---|---|
| campo de control de longitud fija | 01487nam a2200373Ia 4500 |
| 001 - NÚMERO DE CONTROL | |
| campo de control | dia_5918 |
| 003 - IDENTIFICADOR DEL NÚMERO DE CONTROL | |
| campo de control | CHAP |
| 005 - FECHA Y HORA DE LA ÚLTIMA TRANSACCIÓN | |
| campo de control | 20251023173446.0 |
| 008 - DATOS DE LONGITUD FIJA--INFORMACIÓN GENERAL | |
| campo de control de longitud fija | 220117s2005 xx 000 0 und d |
| 010 ## - NÚMERO DE CONTROL DE LA BIBLIOTECA DEL CONGRESO | |
| Número de control de LC | 177049 |
| 020 ## - NÚMERO INTERNACIONAL ESTÁNDAR DEL LIBRO | |
| Número Internacional Estándar del Libro | 0-7794-9415-6 |
| 040 ## - FUENTE DE LA CATALOGACIÓN | |
| Centro/agencia transcriptor | CHAP |
| 082 ## - NÚMERO DE LA CLASIFICACIÓN DECIMAL DEWEY | |
| Número de clasificación | 664.07 H338 2005 |
| 245 ## - MENCIÓN DE TÍTULO | |
| Título | HACCP Advantage : versión 2.0 program manual / |
| Mención de responsabilidad, etc. | Molly Elliott...[et al.] ; edición Pat Johnson, Jennifer Aitkens y Vivian Webb |
| 260 ## - PUBLICACIÓN, DISTRIBUCIÓN, ETC. | |
| Lugar de publicación, distribución, etc. | Canadá : |
| Nombre del editor, distribuidor, etc. | Ontario Ministry of Agriculture, Food and Rural Affairs, |
| Fecha de publicación, distribución, etc. | 2005 |
| 300 ## - DESCRIPCIÓN FÍSICA | |
| Extensión | 113 p. |
| 503 ## - NOTA DE HISTORIA BIBLIOGRÁFICA (BK CF MU) [OBSOLETO] | |
| Nota de historia bibliográfica | D. |
| 590 ## - NOTA LOCAL (RLIN) | |
| Nota local | TX531 H338 2005 |
| 650 ## - PUNTO DE ACCESO ADICIONAL DE MATERIA--TÉRMINO DE MATERIA | |
| Término de materia o nombre geográfico como elemento de entrada | Alimentos |
| Subdivisión general | Medidas de seguridad |
| -- | Manuales |
| 9 (RLIN) | 160037 |
| 650 ## - PUNTO DE ACCESO ADICIONAL DE MATERIA--TÉRMINO DE MATERIA | |
| Término de materia o nombre geográfico como elemento de entrada | Food industry and trade |
| Subdivisión general | Quality control |
| -- | Handbooks, manuals, etc. |
| 9 (RLIN) | 160038 |
| 650 ## - PUNTO DE ACCESO ADICIONAL DE MATERIA--TÉRMINO DE MATERIA | |
| Término de materia o nombre geográfico como elemento de entrada | Food safety |
| Subdivisión general | Handbooks, manuals, etc. |
| 9 (RLIN) | 152474 |
| 650 ## - PUNTO DE ACCESO ADICIONAL DE MATERIA--TÉRMINO DE MATERIA | |
| Término de materia o nombre geográfico como elemento de entrada | Food |
| Subdivisión general | Safety measures |
| -- | Handbooks, manuals, etc. |
| 9 (RLIN) | 160039 |
| 650 ## - PUNTO DE ACCESO ADICIONAL DE MATERIA--TÉRMINO DE MATERIA | |
| Término de materia o nombre geográfico como elemento de entrada | Hazard Analysis and Critical Control Point (Food safety system) |
| Subdivisión general | Handbooks, manuals, etc. |
| 9 (RLIN) | 160040 |
| 650 ## - PUNTO DE ACCESO ADICIONAL DE MATERIA--TÉRMINO DE MATERIA | |
| Término de materia o nombre geográfico como elemento de entrada | Industria de los alimentos |
| Subdivisión general | Control de calidad |
| -- | Manuales |
| 9 (RLIN) | 160041 |
| 650 ## - PUNTO DE ACCESO ADICIONAL DE MATERIA--TÉRMINO DE MATERIA | |
| Término de materia o nombre geográfico como elemento de entrada | Inocuidad alimentaria |
| Subdivisión general | Manuales |
| 9 (RLIN) | 152475 |
| 700 ## - PUNTO DE ACCESO ADICIONAL--NOMBRE DE PERSONA | |
| Nombre de persona | Aitkens, Jennifer, ed. |
| 9 (RLIN) | 160042 |
| 700 ## - PUNTO DE ACCESO ADICIONAL--NOMBRE DE PERSONA | |
| Nombre de persona | Elliott, Molly, coaut. |
| 9 (RLIN) | 160043 |
| 700 ## - PUNTO DE ACCESO ADICIONAL--NOMBRE DE PERSONA | |
| Nombre de persona | Johnson, Pat, ed. |
| 9 (RLIN) | 160044 |
| 700 ## - PUNTO DE ACCESO ADICIONAL--NOMBRE DE PERSONA | |
| Nombre de persona | Webb, Vivian, ed. |
| 9 (RLIN) | 160045 |
| 901 ## - ELEMENTOS DE DATOS A LOCAL LDA (RLIN) | |
| a | 664.07 H338 2005 |
| 902 ## - ELEMENTOS DE DATOS B LOCAL, LDB (RLIN) | |
| a | M |
| 905 ## - ELEMENTOS DE DATOS E LOCAL, LDE (RLIN) | |
| a | 5232272005 xxcn 8225123322eng16 |
| 942 ## - ELEMENTOS DE PUNTO DE ACCESO ADICIONAL (KOHA) | |
| Tipo de ítem Koha | Libro |
| Fuente del sistema de clasificación o colocación | Dewey Decimal Classification |
| Estado de retiro | Estado de pérdida | Fuente del sistema de clasificación o colocación | Estado dañado | No para préstamo | Código de colección | Localización permanente | Ubicación/localización actual | Ubicación en estantería | Fecha de adquisición | Información codificada de la localización en otra ubicación | Total de préstamos | Código de barras | Fecha visto por última vez | Número de copia | Precio válido a partir de | Tipo de ítem Koha |
|---|---|---|---|---|---|---|---|---|---|---|---|---|---|---|---|---|
| Dewey Decimal Classification | General | Ingenieria Agroindustrial | Ingenieria Agroindustrial | 18/01/2022 | 1 | dia_009303 | 18/01/2022 | 1 | 18/01/2022 | Libro |
